| 000 | 00906nas a22002417a 4500 | ||
|---|---|---|---|
| 003 | OSt | ||
| 005 | 20160826154953.0 | ||
| 008 | 130910b2005 slv spa | ||
| 040 | _cBMC | ||
| 082 | _a378.00772845 | ||
| 082 | _a378.72840014 | ||
| 082 | _a001.47284 | ||
| 110 | 0 |
_94866 _aUniversidad Católica de Occidente |
|
| 245 | 1 | 0 |
_aAnuario de investigación 2005 _cUNICAES |
| 260 |
_a[Santa Ana _bUniversidad Católica de Occidente, Unidad de Investigación _c2006?] |
||
| 300 |
_a181 h. _bil. col. y n. _c27 cm |
||
| 490 | _aPublicaciones de la Dirección de Investigación | ||
| 610 | 0 | 4 |
_93469 _aUniversidad Católica de Occidente _bUnidad de Investigación _vAnuarios |
| 610 | 0 | 4 |
_99281 _aUniversidad Católica de Occidente _xActividad científica |
| 650 | 2 | 4 |
_94874 _aInvestigación _zEl Salvador |
| 710 | 0 |
_93468 _aUniversidad Católica de Occidente _bUnidad de Investigación |
|
| 942 |
_2ddc _cPR |
||
| 999 |
_c1994 _d1994 |
||